000 00380nam a2200145 i 4500
001 bg
100 1 _aRAMEY, Robert Lee
245 0 _aMatrics and computers in electronic ... /
_cRobert Lee Ramey, Edward John White.
260 _aNew York,
_c1971.
700 1 _aWHITE, Edward John
040 _cBPK
041 _apol
942 _cKS
008 s pl f |000 0 pol
999 _c15660
_d15660
856 _uhttp://koha.tu.koszalin.pl/cgi-bin/koha/opac-detail.pl?biblionumber=15660
_yKatalog online BPK